[Event "Frankfurt-ch"]
[Site "Frankfurt"]
[Date "2007.05.07"]
[Round "2"]
[White "Syed, Tareq"]
[Black "Lemonidis, Christos"]
[Result "1-0"]
[WhiteElo "2101"]
[BlackElo "1803"]
[PlyCount "45"]
[EventDate "2007.04.30"]
[EventType "swiss"]
[EventRounds "7"]
[EventCountry "GER"]
[SourceTitle "EXT 2008"]
[Source "ChessBase"]
[SourceDate "2007.11.25"]
[SourceVersion "1"]
[SourceVersionDate "2007.11.25"]
[SourceQuality "1"]

1. d3 d6 2. e4 g6 3. f4 e5 4. Nf3 Bg7 5. Nc3 c6 6. g3 Qe7 7. Bg2 Nh6 8. h3 Nd7 9. 0-0 0-0 10. g4 f6 11. f5 gxf5 12. gxf5 Kh8 13. Nh4 Qe8 14. Bf3 Rg8 15. Bh5 Qe7 16. Kh1 Nf8 17. Rg1 Bd7 18. Bd2 Nf7 19. Ng6+ Nxg6 20. Bxg6 Ng5 21. Qh5 Bf8 22. Bxg5 fxg5 23. f6 1-0

[Event "Karl Mala Memorial op 09th"]
[Site "Frankfurt"]
[Date "2005.07.30"]
[Round "5"]
[White "Junker, Christian"]
[Black "Lemonidis, Christos"]
[Result "1/2-1/2"]
[WhiteElo "1532"]
[BlackElo "1831"]
[PlyCount "60"]
[EventDate "2005.07.28"]
[EventType "swiss"]
[EventRounds "7"]
[EventCountry "GER"]
[SourceTitle "EXT 2006"]
[Source "ChessBase"]
[SourceDate "2005.11.24"]
[SourceVersion "1"]
[SourceVersionDate "2005.11.24"]
[SourceQuality "1"]

1. e4 d6 2. d4 g6 3. Bc4 Bg7 4. Nf3 Nd7 5. Be3 Nb6 6. Bb3 e6 7. 0-0 Nf6 8. Nbd2 0-0 9. h3 Qe7 10. c3 a5 11. a4 Bd7 12. Qc2 h6 13. Nc4 Nxc4 14. Bxc4 e5 15. Bd3 b6 16. d5 Nh5 17. Qd2 g5 18. g4 Nf4 19. Bxf4 gxf4 20. Kh2 Bf6 21. Rg1 Kh8 22. Rg2 Rg8 23. b3 Rg6 24. Bb5 Bc8 25. Bc6 Rb8 26. Rag1 Ba6 27. Bb5 Bb7 28. Qe2 Rbg8 29. Ba6 Bxa6 30. Qxa6 h5 1/2-1/2

[Event "Frankfurt-ch"]
[Site "Frankfurt"]
[Date "2005.05.09"]
[Round "3"]
[White "Ortiz Rodriguez, Jose"]
[Black "Lemonidis, Christos"]
[Result "0-1"]
[WhiteElo "1260"]
[BlackElo "1822"]
[PlyCount "94"]
[EventDate "2005.04.25"]
[EventType "swiss"]
[EventRounds "7"]
[EventCountry "GER"]
[SourceTitle "EXT 2006"]
[Source "ChessBase"]
[SourceDate "2005.11.24"]
[SourceVersion "1"]
[SourceVersionDate "2005.11.24"]
[SourceQuality "1"]

1. e4 d6 2. Nc3 g6 3. Nf3 Bg7 4. Be2 e5 5. 0-0 Nh6 6. d4 Nd7 7. dxe5 dxe5 8. Ng5 c6 9. Bc4 Qe7 10. Qf3 Nb6 11. Bb3 f6 12. Nh3 Be6 13. Bxe6 Qxe6 14. Qg3 0-0-0 15. f4 exf4 16. Nxf4 Qe7 17. Qh3+ f5 18. exf5 Nxf5 19. Kh1 Kb8 20. Nd3 Rdf8 21. Bf4+ Ka8 22. Rae1 Qh4 23. Qxh4 Nxh4 24. Nc5 Bxc3 25. bxc3 Nd5 26. Ne6 Rf7 27. g3 Nf5 28. c4 Nxf4 29. gxf4 b6 30. Ng5 Rd7 31. Re6 c5 32. Nf3 Nd4 33. Nxd4 Rxd4 34. Re7 Rxc4 35. f5 gxf5 36. Rxf5 Rxc2 37. Rff7 Rxa2 38. Rb7 Rd8 39. Rbd7 Re8 40. Rfe7 Rxe7 41. Rxe7 a5 42. Rxh7 a4 43. h4 a3 44. Rh6 Rb2 45. Rh8+ Kb7 46. Rh7+ Kc6 47. Ra7 a2 0-1